• 首页
  • 本馆介绍
  • 公告通知
  • 最新文献
  • 馆藏检索
  • 电子资源
  • 读者导购
  • 参考咨询
  • 我的图书馆
  • 登录
  • 详细信息显示
  • 放入我的书架
  • 预约/预借图书
  • 作者相关作品
  • 分类相关作品
  • 丛书相关作品
  • 出版社相关作品

书目信息

  • 表格格式
  • 工作单格式
  • 卡片格式
题名:
新旧唐书故事选
    
 
作者: 李道英 编著
分册:  
出版信息: 北京   学苑出版社  1991.7
页数: 249页
开本: 19cm
丛书名: 二十五史故事丛编
单 册:
中图分类: K209 , I242
科图分类: 22.19
主题词: 历史故事--中国--现代--选集 , 小说--中国
电子资源:
ISBN: 7-5077-0055-0
000 00916nam2 2200313 45
001 1559018077
005 20150124162407.51
010    @a7-5077-0055-0@dCNY3.20
100    @a19920527d1991 em y0chiy0121 ea
101 0  @achi
102    @aCN@b110000
105    @ay z 000zy
200 10 @a新旧唐书故事选@AXIN JIU TANG SHU GU SHI XUAN@f李道英编著@FLI DAO YING BIAN ZHU
210    @a北京@c学苑出版社@d1991.7
215    @a249页@d19cm
225 2  @a二十五史故事丛编@f张巨才,柳弓田主编
410  0 @120010@a二十五史故事丛编
512 1  @a唐书故事选@ATANG SHU GU SHI XUAN
540 1  @a唐书 故事@ATANG SHU GU SHI
605    @a新唐书@x通俗读物
605    @a旧唐书@x通俗读物
606    @a历史故事@y中国@z现代@x选集
606 0  @a小说@x中国
690    @aK209@v三版
690    @aI242@v4
692    @a22.19
701  0 @a李道英@ALI DAO YING@4编著
801  0 @aCN@bTSSF@c20150124
905    @aZUCC@dI242@eJY8
    
    新旧唐书故事选/李道英编著.-北京:学苑出版社,1991.7
    249页;19cm.-(二十五史故事丛编/张巨才,柳弓田主编)
    
    
    ISBN 7-5077-0055-0:CNY3.20
    
●
相关链接 在E读中查询图书 在五车中查询图书 在当当中查询图书 在豆瓣中查询图书


正题名:新旧唐书故事选     索取号:I242/JY8         预约/预借

序号 登录号 条形码 馆藏地/架位号 状态 备注
1 7856775   278567757   学院路分馆/ [索取号:I242/JY8] 在馆    
2 7856776   278567766   学院路分馆/ [索取号:I242/JY8] 在馆    
唐山师范学院图书馆 欢迎您!
大连网信软件有限公司© 版权所有